Shingeki no Kyojin (Attack on Titan) Characters - Statistics

General Stats
  • This quiz has been taken 487 times
  • The average score is 36 of 55
Answer Stats
Hint Answer % Correct
Main character's childhood friend Armin Arlert
100%
Main character Eren Yeager
100%
Main character's adopted sister Mikasa Ackerman
100%
Armored titan Reiner Braun
99%
Female titan Annie Leonhart
98%
Main character's dad Grisha Yeager
97%
Potato girl Sasha Braus
97%
Humanity's strongest soldier Levi Ackerman
96%
Queen's former best friend Ymir
96%
First person to obtain the power of the titans Ymir Fritz
96%
13th commander of the Survey Corps Erwin Smith
94%
Titan-obsessed scientist Hange Zoe
94%
Current Queen of the walls Historia Reiss
94%
Doesn't like main character, member of the Survey Corps Jean Kirstein
93%
Beast titan Zeke Yeager
93%
Colossal titan Bertolt Hoover
91%
Main characters's mom Carla Yeager
88%
Girl who killed Potato Girl Gabi Braun
88%
Survey Corps member from Ragako Connie Springer
87%
Bitten in half by a titan, friends with Survey Corps members Marco Bodt
86%
Cart titan Pieck Finger
84%
Friend of that girl Falco Grice
82%
Humanity's strongest soldier's uncle Kenny Ackerman
82%
Jaw titan Porco Galliard
82%
Member of Levi Squad, red-haired Petra Ral
81%
Saved main character from first titan attack Hannes
72%
Garrison's former chief official, old guy Dot Pixis
69%
Father of the current Queen, wanted to reclaim the Founding Titan Rod Reiss
64%
One of the main Yeagerists Floch Forster
63%
Humanity's second strongest soldier Mike Zacharias
63%
Warhammer titan's brother Willy Tybur
61%
Warhammer titan Lara Tybur
60%
First wife of main character's dad, smiling titan Dina Fritz
59%
Leader of anti-Marleyan volunteers Yelena
55%
The Owl Eren Kruger
54%
Former holder of the Jaw Titan Marcel Galliard
53%
Current Queen's half sister, last holder of the Founding Titan Frieda Reiss
52%
Head instructor of the Military Survey Corps Keith Shadis
52%
Dark-skinned anti-Marleyan volunteer Onyankopon
43%
Member of Levi Squad, looks older than the rest Oruo Bozad
40%
Was supposed to be the next holder of the Beast Titan Colt Grice
39%
General of the Marleyan military Theo Magath
39%
Team leader of Squad Rico Rico Brzenska
38%
Former holder of Beast Titan Tom Ksaver
36%
Warrior candidate Udo
36%
Warrior candidate Zofia
36%
Member of Levi Squad, brown hair Gunther Schultz
33%
Chef for Eldian military Nicolo
32%
Graduate of 104th Training Corps, blonde hair, eaten by a titan Thomas Wagner
32%
Member of Levi Squad, long blonde hair Eld Gin
28%
Saved by Potato Girl as a young child Kaya
27%
Ambassador of Hizuru, allied with the Eldians Kiyomi Azumabito
26%
Graduate of 104th Training Corps, black hair, eaten by a titan Mina Carolina
26%
General of the Survey Corps, the Garrison, and the Military Police Darius Zackly
18%
Survey Corps recruit, shot and killed during the Raid on Liberio Lobov
9%
No matching quizzes found
Score Distribution
Percent of People with Each Score
Percentile by Number Answered
Your Score History
You have not taken this quiz